[Event "SRB-chT 2nd League"]
[Site "Vrnjacka Banja"]
[Date "2022.11.07"]
[Round "5.5"]
[White "Stikovic, Dobrica"]
[Black "Joksimovic, Dragoljub"]
[Result "1-0"]
[WhiteElo "2174"]
[BlackElo "2156"]
[PlyCount "99"]
[EventDate "2022.11.04"]
[EventType "team-tourn"]
[EventRounds "11"]
[EventCountry "SRB"]
[SourceTitle "CBM 211 Extra"]
[Source "ChessBase"]
[SourceDate "2023.01.31"]
[SourceVersion "1"]
[SourceVersionDate "2023.01.31"]
[SourceQuality "1"]
[WhiteTeam "Novi Sad Vojvodina"]
[BlackTeam "Krajisnik Krajina"]
[WhiteTeamCountry "SRB"]
[BlackTeamCountry "SRB"]

1. c4 e5 2. Nc3 Nf6 3. Nf3 d6 4. d4 exd4 5. Nxd4 Bd7 6. g3 Nc6 7. Bg2 Be7 8. 0-0 Qc8 9. Re1 h5 10. Bg5 h4 11. Nxc6 bxc6 12. Bxh4 Ng4 13. Bxe7 Kxe7 14. Qd4 Kf8 15. h4 Rb8 16. c5 d5 17. b4 Rh5 18. e4 g5 19. hxg5 Rxg5 20. exd5 Rg7 21. dxc6 Be6 22. b5 Nh6 23. Qf4 Rg6 24. Be4 Bf5 25. Bxf5 Nxf5 26. Kg2 Rg4 27. Qe5 Nh4+ 28. Kf1 Ng6 29. Qd5 Rb4 30. Qd7 Rc4 31. Qxc8+ Rxc8 32. Ne4 Kg7 33. Rac1 Ra4 34. Nc3 Ra3 35. Rc2 Nf8 36. Re3 Ne6 37. Nd5 Ra5 38. Nc3 Nxc5 39. Re5 Ne6 40. a4 a6 41. Rd2 axb5 42. axb5 Kf6 43. f4 Nf8 44. Ne4+ Kg7 45. Rg5+ Ng6 46. f5 Re8 47. fxg6 Rxe4 48. Rd7 Ra8 49. gxf7+ Kf6 50. Rg8 1-0

[Event "Vojvodina-chT 2nd League"]
[Site "Novi Sad"]
[Date "2018.11.11"]
[Round "3.2"]
[White "Joksimovic, Dragoljub"]
[Black "Stikovic, Dobrica"]
[Result "1-0"]
[WhiteElo "2145"]
[BlackElo "2169"]
[PlyCount "121"]
[EventDate "2018.11.09"]
[EventType "team-tourn"]
[EventRounds "11"]
[EventCountry "SRB"]
[SourceTitle "CBM 187 Extra"]
[Source "ChessBase"]
[SourceDate "2018.11.04"]
[SourceVersion "1"]
[SourceVersionDate "2018.11.04"]
[SourceQuality "1"]
[WhiteTeam "Cosic Opovo Bata"]
[BlackTeam "Novi Sad Vojvodina"]
[WhiteTeamCountry "SRB"]
[BlackTeamCountry "SRB"]

1. c4 e6 2. Nc3 d5 3. d4 Be7 4. Nf3 Nf6 5. g3 0-0 6. Bg2 dxc4 7. 0-0 Nc6 8. e4 Rb8 9. d5 Nb4 10. Ne5 exd5 11. a3 Nc6 12. Nxc6 bxc6 13. exd5 cxd5 14. Nxd5 Nxd5 15. Bxd5 Be6 16. Bxe6 Qxd1 17. Bxf7+ Rxf7 18. Rxd1 Bc5 19. Rf1 Bd4 20. Rb1 c3 21. b4 c2 22. Rb3 Re8 23. Kg2 Re2 24. Rf3 Rxf3 25. Kxf3 Re6 26. b5 Kf7 27. h4 h5 28. Bg5 Bb2 29. Bc1 Bd4 30. Bg5 Re5 31. Bc1 Rxb5 32. Ke4 Bb2 33. a4 Rb4+ 34. Kd3 Rd4+ 35. Kxc2 Bxc1 36. Kxc1 Rxa4 37. Kc2 Ke6 38. Kb3 Ra5 39. Kb4 Rd5 40. Re1+ Re5 41. Ra1 a5+ 42. Kc4 c6 43. f3 Rb5 44. Re1+ Kd7 45. Rd1+ Kc7 46. Re1 Kb6 47. Re8 Rb4+ 48. Kc3 Rb5 49. Rb8+ Ka7 50. Rg8 Rb7 51. Rd8 Ka6 52. g4 hxg4 53. fxg4 a4 54. h5 Rb5 55. Rg8 Kb6 56. Rb8+ Kc5 57. Rxb5+ cxb5 58. g5 b4+ 59. Kc2 Kc4 60. h6 b3+ 61. Kd2 1-0

[Event "Belgrade-chT"]
[Site "Belgrade"]
[Date "2016.10.18"]
[Round "10.1"]
[White "Joksimovic, Dragoljub"]
[Black "Govedarica, Radovan"]
[Result "0-1"]
[WhiteElo "2170"]
[BlackElo "2361"]
[PlyCount "77"]
[EventDate "2016.10.08"]
[EventType "team-tourn"]
[EventRounds "13"]
[EventCountry "SRB"]
[SourceTitle "CBM 175 Extra"]
[Source "ChessBase"]
[SourceDate "2016.12.12"]
[SourceVersion "1"]
[SourceVersionDate "2016.12.12"]
[SourceQuality "1"]
[WhiteTeam "Politika"]
[BlackTeam "Crvena Zvezda"]
[WhiteTeamCountry "SRB"]
[BlackTeamCountry "SRB"]

1. g3 Nf6 2. Bg2 c5 3. Nf3 Nc6 4. 0-0 g6 5. d3 Bg7 6. e4 d6 7. c3 0-0 8. Re1 Qc7 9. Na3 Rb8 10. Nc4 b5 11. Ne3 e6 12. Qc2 Qb6 13. a4 a6 14. axb5 axb5 15. Bd2 Bb7 16. h4 Rfd8 17. Nh2 e5 18. Neg4 Nxg4 19. Nxg4 h5 20. Ne3 Ne7 21. Nd5 Nxd5 22. exd5 Ra8 23. Bg5 Rxa1 24. Rxa1 Ra8 25. Rxa8+ Bxa8 26. Qe2 b4 27. g4 bxc3 28. bxc3 hxg4 29. Qxg4 f5 30. Qd1 Qa7 31. h5 gxh5 32. c4 Qf7 33. Qa4 Bb7 34. Qa7 Bf8 35. Qb8 Qd7 36. Kh2 Bc8 37. Bh3 Kf7 38. Qb1 Be7 39. Qg1 0-1

[Event "Belgrade-chT"]
[Site "Belgrade"]
[Date "2016.10.17"]
[Round "9.7"]
[White "Joksimovic, Dragoljub"]
[Black "Ivic, Velimir"]
[Result "0-1"]
[WhiteElo "2170"]
[BlackElo "2264"]
[PlyCount "106"]
[EventDate "2016.10.08"]
[EventType "team-tourn"]
[EventRounds "13"]
[EventCountry "SRB"]
[SourceTitle "CBM 175 Extra"]
[Source "ChessBase"]
[SourceDate "2016.12.12"]
[SourceVersion "1"]
[SourceVersionDate "2016.12.12"]
[SourceQuality "1"]
[WhiteTeam "Politika"]
[BlackTeam "Delfin"]
[WhiteTeamCountry "SRB"]
[BlackTeamCountry "SRB"]

1. c4 e5 2. Nc3 Bb4 3. g3 Bxc3 4. bxc3 Nf6 5. Bg2 0-0 6. Nf3 e4 7. Nd4 d6 8. 0-0 Re8 9. d3 h6 10. Nc2 Nbd7 11. Ne3 Nc5 12. Qc2 b6 13. Ba3 Bb7 14. Rad1 Qe7 15. d4 Ne6 16. Nf5 Qd7 17. Ne3 Rad8 18. Bc1 d5 19. cxd5 Nxd5 20. Nxd5 Qxd5 21. Be3 Qc4 22. Rfe1 Bd5 23. Qb2 a5 24. a3 Qc6 25. Rc1 Bc4 26. Qb1 Nf8 27. Qb2 Ng6 28. Qb1 Qe6 29. Qb2 Ne7 30. Qd2 Nd5 31. Ra1 Rd6 32. Rac1 Rc6 33. Bh1 Qe7 34. Ra1 Ba6 35. Rec1 Qd7 36. Bg2 Rc4 37. Rc2 Qc6 38. Rac1 Bb5 39. Qe1 Ba4 40. Ra2 Nxc3 41. Raa1 Nd5 42. Rxc4 Qxc4 43. Rc1 Qb3 44. Bf4 Qxa3 45. Ra1 Qb3 46. Qc1 Bb5 47. Bxh6 Qc3 48. Bf4 Nxf4 49. Qxf4 Qxd4 50. e3 Qd6 51. h4 Bd3 52. Ra4 Qxf4 53. gxf4 c5 0-1

[Event "Belgrade-chT"]
[Site "Belgrade"]
[Date "2016.10.11"]
[Round "4.4"]
[White "Budisavljevic, Luka"]
[Black "Joksimovic, Dragoljub"]
[Result "1/2-1/2"]
[WhiteElo "1915"]
[BlackElo "2170"]
[PlyCount "108"]
[EventDate "2016.10.08"]
[EventType "team-tourn"]
[EventRounds "13"]
[EventCountry "SRB"]
[SourceTitle "EXT 2017"]
[Source "ChessBase"]
[SourceDate "2016.10.25"]
[SourceVersion "1"]
[SourceVersionDate "2016.10.25"]
[SourceQuality "1"]
[WhiteTeam "Bogoslov"]
[BlackTeam "Politika"]
[WhiteTeamCountry "SRB"]
[BlackTeamCountry "SRB"]

1. d4 Nf6 2. Nf3 g6 3. c4 Bg7 4. Nc3 d6 5. e4 0-0 6. Be2 c6 7. 0-0 a6 8. h3 b5 9. a3 bxc4 10. Bxc4 d5 11. Bd3 dxe4 12. Nxe4 Nxe4 13. Bxe4 Be6 14. Qc2 Bd5 15. Re1 Nd7 16. Qe2 Re8 17. Ne5 Nxe5 18. dxe5 e6 19. Bf4 Qb6 20. Qc2 a5 21. Be3 Qb7 22. Bd4 a4 23. f4 Rec8 24. Bc5 Bh6 25. Qf2 Rab8 26. Bd6 Ra8 27. Bc5 Qb5 28. Rac1 Rab8 29. Rc2 Qb3 30. Bb4 Bxe4 31. Rxe4 Qd3 32. Rd4 Qb5 33. Bd6 Ra8 34. Rb4 Qd5 35. Rd2 Qa5 36. Bc5 Rd8 37. Rbd4 Rd5 38. Bd6 Qb5 39. Rb4 Qa6 40. Rc2 Rc8 41. Rcc4 Ra5 42. Qc2 Qa7+ 43. Bc5 Rxc5 44. Rxc5 Bf8 45. Rbc4 Rb8 46. Qf2 Bxc5 47. Qxc5 Qxc5+ 48. Rxc5 Rxb2 49. Rc4 h5 50. Rxa4 Rc2 51. Ra8+ Kg7 52. h4 c5 53. a4 Rc4 54. g3 Rc3 1/2-1/2

[Event "Vojvodina-chT"]
[Site "Kac"]
[Date "2014.11.13"]
[Round "8.6"]
[White "Banovic, Ivan"]
[Black "Joksimovic, Dragoljub"]
[Result "0-1"]
[WhiteElo "2226"]
[BlackElo "2205"]
[PlyCount "154"]
[EventDate "2014.11.08"]
[EventType "team-tourn"]
[EventRounds "11"]
[EventCountry "SRB"]
[SourceTitle "EXT 2017"]
[Source "ChessBase"]
[SourceDate "2016.10.25"]
[SourceVersion "1"]
[SourceVersionDate "2016.10.25"]
[SourceQuality "1"]

1. d4 Nf6 2. c4 g6 3. Nc3 Bg7 4. e4 d6 5. Be2 0-0 6. Nf3 c6 7. 0-0 a6 8. d5 a5 9. h3 Na6 10. Be3 Re8 11. Nd4 Bd7 12. Rb1 Nc7 13. Qc2 e6 14. dxe6 Nxe6 15. Nxe6 Bxe6 16. Rbd1 Qe7 17. Rfe1 Red8 18. b3 Qf8 19. f4 Bd7 20. g4 b5 21. Bb6 Rdc8 22. Bf2 Rc7 23. Qd2 b4 24. Na4 Nxe4 25. Qd3 Nxf2 26. Kxf2 Bf6 27. Kg2 Be7 28. Nb6 Rd8 29. Nxd7 Rcxd7 30. Bf3 d5 31. cxd5 cxd5 32. Qb5 Bh4 33. Re5 d4 34. Qc5 Be7 35. Qxa5 d3 36. Qb5 Qh6 37. g5 Qh4 38. Bg4 Rc7 39. Rxd3 Rc2+ 40. Re2 Rxe2+ 41. Bxe2 Rxd3 42. Bxd3 Qxf4 43. Qe8+ Bf8 44. Qd8 Kg7 45. Bc4 Bc5 46. Qf6+ Qxf6 47. gxf6+ Kxf6 48. Kf3 Ke7 49. Ke4 f5+ 50. Ke5 Bd6+ 51. Kd5 Bf4 52. Kd4 Kf6 53. Kd3 h6 54. Ke2 Bd6 55. Kf3 g5 56. Bd3 h5 57. Bb5 g4+ 58. hxg4 hxg4+ 59. Kf2 Kg5 60. Bd7 f4 61. Bc6 Kh4 62. Kg2 Kg5 63. Kf2 Bc5+ 64. Kg2 f3+ 65. Bxf3 gxf3+ 66. Kxf3 Kf5 67. Ke2 Kf4 68. Kd2 Ke4 69. Kc2 Bf8 70. Kd2 Be7 71. Kc2 Ke3 72. Kd1 Kd3 73. Kc1 Kc3 74. Kb1 Bg5 75. Ka1 Kc2 76. a3 bxa3 77. b4 Kb3 0-1

[Event "Vojvodina-chT 2nd League"]
[Site "Stari Banovci"]
[Date "2013.11.08"]
[Round "7"]
[White "Joksimovic, Dragoljub"]
[Black "Elez, Nikola"]
[Result "1/2-1/2"]
[WhiteElo "2164"]
[BlackElo "2217"]
[PlyCount "37"]
[EventDate "2013.11.03"]
[EventType "team-tourn"]
[EventRounds "11"]
[EventCountry "SRB"]
[SourceTitle "EXT 2015"]
[Source "ChessBase"]
[SourceDate "2014.11.20"]
[SourceVersion "1"]
[SourceVersionDate "2014.11.20"]
[SourceQuality "1"]

1. c4 d6 2. Nc3 e5 3. g3 Nc6 4. Bg2 Be6 5. b3 Qd7 6. e3 Nf6 7. Bb2 Be7 8. h3 0-0 9. Nge2 d5 10. d4 exd4 11. Nxd4 Nxd4 12. cxd5 Nxd5 13. Nxd5 Bxd5 14. Qxd4 Bf6 15. Qxd5 Qxd5 16. Bxd5 Bxb2 17. Rd1 c6 18. Bf3 Rad8 19. Ke2 1/2-1/2